|
|
|
|
| LEADER |
02019nam a2200553 i 4500 |
| 001 |
nkc20223390488 |
| 003 |
CZ PrNK |
| 005 |
20220309101938.0 |
| 007 |
ta |
| 008 |
220110s2021 xr a e f 001 0 cze |
| 015 |
|
|
|a cnb003390488
|
| 020 |
|
|
|a 978-80-7442-132-7
|q (vázáno)
|
| 035 |
|
|
|a (OCoLC)1302727620
|
| 040 |
|
|
|a BOA001
|b cze
|e rda
|
| 043 |
|
|
|a e------
|
| 072 |
|
7 |
|a 58
|x Botanika
|2 Konspekt
|9 2
|
| 080 |
|
|
|a 582.542
|2 MRF
|
| 080 |
|
|
|a 581.9
|2 MRF
|
| 080 |
|
|
|a (4)
|2 MRF
|
| 080 |
|
|
|a (084.42)
|2 MRF
|
| 100 |
1 |
|
|a Šikula, Jaromír,
|d 1924-2000
|7 jk01122897
|4 aut
|
| 245 |
1 |
0 |
|a Trávy :
|b traviny a trávníky v ilustracích Vojtěcha Štolfy a Zdenky Krejčové /
|c Jaromír Šikula, Václav Větvička
|
| 246 |
1 |
|
|i Název v prelimináriích:
|a Trávy, traviny a trávníky
|
| 246 |
3 |
0 |
|a Traviny a trávníky v ilustracích Vojtěcha Štolfy a Zdenky Krejčové
|
| 250 |
|
|
|a Vydání druhé
|
| 264 |
|
1 |
|a Praha :
|b Aventinum,
|c 2021
|
| 300 |
|
|
|a 256 stran :
|b ilustrace (převážně barevné) ;
|c 25 cm
|
| 336 |
|
|
|a text
|b txt
|2 rdacontent
|
| 336 |
|
|
|a statický obraz
|b sti
|2 rdacontent
|
| 337 |
|
|
|a bez média
|b n
|2 rdamedia
|
| 338 |
|
|
|a svazek
|b nc
|2 rdacarrier
|
| 490 |
1 |
|
|a Artia
|
| 500 |
|
|
|a Obsahuje rejstříky
|
| 650 |
0 |
7 |
|a trávy
|7 ph116500
|2 czenas
|
| 650 |
0 |
7 |
|a flóra
|7 ph114559
|z Evropa
|2 czenas
|
| 650 |
0 |
9 |
|a grasses
|2 eczenas
|
| 650 |
0 |
9 |
|a flora
|z Europe
|2 eczenas
|
| 655 |
|
7 |
|a atlasy
|7 fd131835
|2 czenas
|
| 655 |
|
9 |
|a atlases
|2 eczenas
|
| 700 |
1 |
|
|a Větvička, Václav,
|d 1938-
|7 jn99240001407
|4 aut
|
| 700 |
1 |
|
|a Štolfa, Vojtěch,
|d 1921-2002
|7 jk01131461
|4 ill
|
| 700 |
1 |
|
|a Krejčová, Zdeňka,
|d 1944-
|7 jk01063265
|4 ill
|
| 830 |
|
0 |
|a Artia (Aventinum)
|0 s
|
| 910 |
2 |
|
|a BOA001
|b 2-1479.798
|
| 990 |
|
|
|a BK
|
| 995 |
|
|
|a 01
|
| 991 |
|
|
|b 202202
|c NOV
|
| 996 |
6 |
|
|b 2610891861
|c 2-1479.798
|l MZK
|r Sklad / do 1 hodiny
|n 0
|p p.v.
|w 001875664
|u 000010
|a 1
|e BOA001
|j MZK50
|s P
|
| 996 |
7 |
|
|b 2610892866
|c 2-1479.798
|l Vol.výběr
|r VV 0p
|n 7
|p kup
|h 582 ŠIK
|w 001875664
|u 000020
|a 0
|e BOA001
|j MZK50
|s A
|